[Event "Candidates Tournament"]
[Site "Khanty-Mansiysk"]
[Date "2014.03.23"]
[Round "9"]
[White "Anand, Viswanathan"]
[Black "Topalov, Veselin"]
[Result "1-0"]
[WhiteElo "2770"]
[BlackElo "2785"]
[Annotator "Anand,V"]
[PlyCount "113"]
[EventDate "2014.03.13"]
[EventType "tourn"]
[EventRounds "14"]
[EventCountry "RUS"]
[EventCategory "21"]
[SourceTitle "CBM 160"]
[Source "ChessBase"]
[SourceDate "2014.05.15"]
[SourceVersion "1"]
[SourceVersionDate "2014.05.15"]
[SourceQuality "1"]

1. e4 c5 {Before this game, Levon and I were running neck and neck. I had
spent some time checking Topalov's game with Svidler and the Najdorf.} 2. Nf3
d6 3. d4 cxd4 4. Nxd4 Nf6 5. Nc3 a6 6. h3 {The only argument against this move
was that Topalov had played it with White against Mamedyarov the previous day,
but in the end, I decided to go with it.} e6 {Shakhriyar had played 6...g6,
but I assumed Veselin would go for this.} 7. g4 Nfd7 8. Bg2 Be7 9. Be3 Nc6 10.
h4 Nde5 11. g5 Bd7 12. Nxc6 Bxc6 13. b3 {A bit weakening, but I wanted to stop
...Nc4.} f5 {I was happy to see this, since I felt this weakened the e6-pawn.}
14. f4 Ng4 15. Qe2 {Since the dark-squared bishop can't easily come to the
long diagonal, I was ready to give up the two bishops} (15. Bd2 O-O 16. Qe2 d5
17. exf5 exf5 18. O-O-O Kh8 {is messier.}) 15... Nxe3 16. Qxe3 fxe4 17. O-O-O
d5 18. Nxe4 Ba3+ (18... Qa5 {This is trickier than we both thought at the
board.} 19. Nc3 (19. Nd6+ Kf8 20. Qxe6 Qa3+ 21. Kb1 Qxd6 22. Qf5+ {and the
king stuck in the centre means that White has enough for the piece}) 19... O-O
20. Qxe6+ Kh8 {Here the comp points out that White has to be extremely precise:
} 21. Kb1 $1 (21. Qxe7 $2 Rfe8 $1 22. Qd6 Rad8) 21... Qxc3 (21... Rfe8 22. Qh3
$1 $18) 22. Qxe7 Rfe8 23. Rh3 $1 {only this move gives White an edge.}) 19. Kb1
Qe7 20. Nf2 $1 {Rerouting to e5.} Bc5 21. Qg3 Bxf2 22. Qxf2 O-O 23. Qd4 $1 {
I was happy here, since I saw the upcoming bishop ending was pleasant for
White.} Rf5 24. Rde1 $1 (24. Bh3 e5) (24. Rhf1 Raf8 25. Bh3 e5 26. fxe5 Rxe5
27. Rxf8+ Kxf8 28. Rf1+ Kg8 {and it's not clear how the presence of rooks
helps White.}) 24... Raf8 25. Rhf1 Qd6 {Black can't wait due to the threat of
Bh3.} 26. Re5 Rxe5 (26... Be8 27. Rxf5 Rxf5 28. Bh3 e5 29. Qe3 $1 $18) 27. fxe5
Rxf1+ 28. Bxf1 Qe7 29. a4 {Also a good move, but...} (29. Bh3 $1 {was my first
intention and it's simpler since it stops Black rerouting his bishop to g6.
However, I saw that Qa7 was very strong and decided to go for that.}) 29... Be8
30. Kb2 $2 (30. Qa7 $1 {I wanted to play this, but suddenly began to doubt the
pawn races at the board. As the comp shows, my doubts were mistaken, White
wins easily:} Qb4 31. Qb8 Kf8 32. Ka2 Qxh4 (32... Qb6 33. h5 Ke7 34. Bd3 g6 {
the comp defends like this, but this must be nice for White}) 33. Qxb7 Qxg5 34.
Bxa6 Qxe5 (34... h5 35. Qb8 h4 36. Bb5 Qe7 37. a5 h3 38. a6 h2 39. a7 h1=Q 40.
a8=Q $18) 35. Bd3 h5 36. a5 h4 (36... Qd6 {taking the queen back} 37. a6 Bc6
38. Qc8+ Kf7 39. a7 Qe7 40. Qb8 $1 {followed by Bb5}) 37. a6 {but even this
wins, albeit with another intermezzo} (37. Qb4+ $18 {the easiest, simply
collecting the pawn}) 37... h3 38. a7 h2 39. Qb8 $1 {This is important} (39.
a8=Q h1=Q {this is indeed drawn}) 39... Qxb8 (39... Qh5 40. a8=Q h1=Q 41. Qd6+
$18) 40. axb8=Q h1=Q 41. Bg6 $18 {Now White wins the bishop.}) 30... Bg6 31.
Bh3 h6 $2 {It only took me a few seconds to see the zugzwang and now I was
quite excited.} (31... Be4 {Black is still worse, but it's hard to see how
White breaks through.}) 32. gxh6 gxh6 33. Qg4 Kf7 34. h5 {And that's it.} Be4 {
Here I saw the next zugzwang coming!} (34... Bf5 {what I suspect he had
overlooked initially is that ...Qg5 loses} 35. Qf4 Qg5 36. Qxg5 hxg5 37. Bxf5
exf5 38. h6 {and the Black king can't stop both pawns.}) 35. a5 {This move is
vital, it fixes Black's queenside and makes the bishop the only piece which
can move; the black queen is needed to protect both the e6-pawn and the
f6-square.} Bh7 36. c3 $3 {A very nice move to be able to make.} Be4 37. c4 {
And now that Black can't recapture.} Bf5 {There is nothing else.} 38. Qf4 dxc4
39. Bxf5 exf5 40. Qxf5+ Ke8 41. Qc8+ Kf7 42. Qxc4+ Kg7 43. Qd5 $1 {Black's
king is still trapped on the last 2 ranks.} Kf8 44. Kc3 Ke8 45. b4 Qc7+ 46. Kd4
Qe7 47. Qg8+ (47. Qd6 Qh4+ 48. Kc5 {was much simpler.}) 47... Kd7 48. Kd5 Kc7 {
Now White has to be precise.} 49. Qg6 $1 Qh4 (49... Qxb4 50. Qd6+ Qxd6+ 51.
exd6+ {wins easily.}) 50. Qd6+ Kc8 51. Kc5 $1 {The White king now breaks
through via b6.} Qf2+ (51... Qxh5 52. Kb6 Qf7 53. e6 Qf2+ 54. Qc5+ Qxc5+ 55.
bxc5 h5 56. e7 Kd7 57. Kxb7 {and White is faster.}) 52. Qd4 Qf7 53. Qc4 $1 {
Now White's king can move with check.} (53. Kb6 $4 Qc7+ 54. Ka7 b5+) 53... Qg7
54. Kb6+ Kb8 55. Qc5 Qf7 56. Qd6+ Kc8 57. e6 {Topalov resigned, leaving me in
clear first place one point ahead of Aronian.} 1-0

[Event "Candidates Tournament"]
[Site "Khanty-Mansiysk"]
[Date "2014.03.23"]
[Round "9"]
[White "Andreikin, Dmitry"]
[Black "Svidler, Peter"]
[Result "1/2-1/2"]
[WhiteElo "2709"]
[BlackElo "2758"]
[Annotator "Negi,P"]
[PlyCount "61"]
[EventDate "2014.03.13"]
[EventType "tourn"]
[EventRounds "14"]
[EventCountry "RUS"]
[EventCategory "21"]
[SourceTitle "CBM 160"]
[Source "ChessBase"]
[SourceDate "2014.05.15"]
[SourceVersion "1"]
[SourceVersionDate "2014.05.15"]
[SourceQuality "1"]

1. e4 {It's never easy to know what Andreikin's first move will be...} c5 2.
Nf3 d6 3. d4 cxd4 4. Nxd4 Nf6 5. Nc3 a6 6. h3 {This seems to be the 'in' thing
these days. The explanation is probably more to do with the fact that theory
is much less evolved here, so there is a lot of room for innovation...
something rare in the main lines of the Najdorf.} (6. Be3 e5 7. Nb3 Be7 8. h3 {
/\g4...Qf3...0-0-0... This is another in vogue line that came up only a few
years ago, but has already been tried in a huge amount of games.}) 6... e5 7.
Nb3 {Compared to the 6.Be3 line mentioned above, White hasn't yet committed to
Be3 yet, and he could try to make use of that. Unfortunately for him, it's not
so easy to utilise that...although White does have a few interesting options.}
(7. Nde2 {is a more natural move - with the idea of g4...Ng3...Bg2, but now
Black replies} h5 $1 {and we get a tense middle game with a lot of slow
manoeuvring since White can't easily get an initiative here.}) 7... Be6 (7...
Be7 {would be an inaccuracy, as now Black doesn't threaten ...d5, and White
could just go for} 8. g4 $1 {/\ g5...h4...Bg2 etc.}) 8. g4 $6 {I really don't
understand what Andreikin had in mind...later in the press conference he
mentioned that he couldn't spend much time on the Najdorf and just decided to
play this. Unfortunately for him, Black's life is just quite easy here after
the natural ...d5.} (8. Be3 {would convert to the 6.Be3 line mentioned above.})
(8. f4 {is a more interesting attempt to make use of the bishop still being on
c1. Now obviously exf4 plays right into White's hands, so Black has to find
more inventive ways to deal with f4:} b5 $5 (8... Nbd7 {ignores f5 altogether.}
9. g4 (9. f5 Bxb3 10. axb3 d5 $1 11. exd5 Bb4 {will lead to a complicated
middlegame, but Black seems ok at first.}) 9... b5 10. Bg2 Nb6 (10... h6 {
is probably better here}) 11. g5 Nfd7 12. f5 Bc4 13. Na5 Rc8 14. Nxc4 (14. Qd2
{lets the bishop off the hook.} b4 15. Nd1 Bb5 {with very unclear play
Khismatullin,D (2714)-Duda,J (2563) Yerevan 2014}) 14... Rxc4 (14... Nxc4 15.
h4 $14) 15. a3 $14) 9. f5 (9. fxe5 dxe5 10. Qxd8+ Kxd8 {seems very solid for
Black}) 9... Bc8 {Initially, I had considered this to be just ok for Black
based on the computer assesments...but things might not be so simple:} 10. Bg5
Bb7 (10... Nbd7 $1 11. Qf3 (11. a4 b4 12. Nd5 Bb7 {is very comfortable for
Black}) 11... Bb7 {transposing to the game after 10...Bb7.}) 11. Qf3 (11. Bxf6
$1 Qxf6 12. Qf3 {would have avoided Nd7-Nxf6, and therefore give White a
better version}) 11... Nbd7 12. O-O-O Be7 (12... Rc8 13. Nd5 (13. Kb1 Rxc3 $1
14. Qxc3 Nxe4 15. Bxd8 Nxc3+ 16. bxc3 Kxd8 $44) 13... Be7 14. Bxf6 Nxf6 15. Kb1
{converts to the game.}) 13. Kb1 Rc8 14. Bxf6 Nxf6 15. Nd5 {The computer
claims that Black is simply better here, but I think it considerably
mis-assesses White's attacking chances after exd5, and a future kingside pawn
assault.} Nxd5 $146 (15... O-O 16. Bd3 $5 Nxd5 17. exd5 $14 {The kingside
pawns are just pushing - White can always sacrifice them as well, while the
bishop is ideally placed on e4. I would prefer White here...}) (15... Bxd5 16.
exd5 h5 $5 {Black deals with the kingside threats...but h5 is also a big
commitment...For instance White could just ignore h5-h4, and plan a later
break with Rg1...g3.} 17. g3 (17. Bd3 h4 18. Nd2 $13 {/\ Rg1...g3.}) 17... h4
18. g4 Nh7 19. Nd2 Ng5 20. Qg2 Qb6 21. Bd3 Bf6 22. Rhe1 Ke7 23. Ne4 Nxe4 24.
Rxe4 Bg5 $11 {1-0 (61) Grischuk,A (2785)-Wojtaszek,R (2701) Riga 2013}) 16.
exd5 e4 $5 {seems to be the best line to me. At least Black will have a clear
way to continue due to the active dark squared bishop...} 17. Qxe4 O-O 18. Bd3
Bf6 $44 {An interesting position that needs to be analysed more certainly, but
Black's play doesn't seem too hard to me.}) 8... d5 $1 9. g5 (9. exd5 Nxd5 10.
Bg2 {seems a better try to me, as after} Nxc3 11. Qxd8+ Kxd8 12. bxc3 {At
least the newly opened b-file gives White some prospects to create threats
against the black king. At the same time, Black should be ok objectively...}
Nc6 $11) 9... Nxe4 10. Nxe4 dxe4 11. Qxd8+ Kxd8 {The king is temporarily
misplaced, but White isn't developed enough to exploit that.} 12. Bg2 Nc6 (
12... Bd7 {seemed a simple way to continue as well, but as Svidler showed in
the game, he doesn't have to hurry to try and equalise either.} 13. Bxe4 Bc6
$11) 13. Bxe4 Kc7 14. Bd2 (14. Be3 {looked more natural, but now after} Rd8 {
White can't go 0-0-0.}) 14... h6 $1 {The g5-pawn is somewhat awkward in an
otherwise typical structure. This makes Black's life much easier.} 15. h4 (15.
gxh6 g6 16. O-O-O Bxh6 $15) 15... hxg5 16. hxg5 Rxh1+ 17. Bxh1 Be7 18. O-O-O
Rh8 {Already White needs to worry about retaining equality. The g5-pawn is
very weak, and White is barely able to keep it, but also there is no clear
plan for White to continue. Andreikin wisely decided to just hold his position
together, and prevent Black's ideas.} 19. Be3 Rh4 (19... Rh5 {doesn't win the
pawn because of} 20. Bf3 $1) 20. Bg2 b6 21. a3 a5 22. Re1 (22. Rh1 Rxh1+ 23.
Bxh1 a4 24. Nd2 Nd4 {isn't an equal endgame yet, so keeping the rooks gives
White more flexibility in defence.}) 22... g6 23. Nd2 Nd4 24. Nf3 $1 {
Exchanging the knights is definitely in White's favour.} Rg4 25. Bh1 Bd6 (25...
Nc6 26. Nh2 {doesn't really let Black achieve much either.}) 26. Bd2 Nc6 27.
Be3 {Black's position looks extremely pleasant, but it's hard to find a way to
break through here. Black repeated once more before trying to play on} Nd4 28.
Bd2 Nc6 29. Be3 Bf5 30. Rg1 Rxg1+ 31. Nxg1 {White has a better version of the
endgame here, as he can generate some play with the threat of Bd5 as well.
Black doesn't really take much risk of course, but it's also quite
understandable that he didn't see any reason to try on for something so minute.
} 1/2-1/2

[Event "Candidates Tournament"]
[Site "Khanty-Mansiysk"]
[Date "2014.03.23"]
[Round "9"]
[White "Karjakin, Sergey"]
[Black "Kramnik, Vladimir"]
[Result "1-0"]
[WhiteElo "2766"]
[BlackElo "2787"]
[Annotator "ChessBase Website"]
[PlyCount "127"]
[EventDate "2014.03.13"]
[EventType "tourn"]
[EventRounds "14"]
[EventCountry "RUS"]
[EventCategory "21"]
[SourceTitle "CBM 160"]
[Source "ChessBase"]
[SourceDate "2014.05.15"]
[SourceVersion "1"]
[SourceVersionDate "2014.05.15"]
[SourceQuality "1"]
[TimeControl "40/7200:20/3600:900+30"]
[WhiteClock "0:59:26"]
[BlackClock "0:56:56"]

1. d4 {[%emt 0:00:03]} Nf6 {[%emt 0:00:19]} 2. Nf3 {[%emt 0:00:07]} d5 {
[%emt 0:00:38]} 3. Bf4 {[%emt 0:00:10]} c6 {[%emt 0:02:18]} 4. e3 {[%emt 0:00:
21]} Bg4 {[%emt 0:11:09]} 5. c4 {[%emt 0:03:18]} Nbd7 {[%emt 0:04:08]} 6. Nc3 {
[%emt 0:05:24]} e6 {[%emt 0:02:05]} 7. Qb3 {[%emt 0:10:32] Karjakin played a
sideline against Kramnik, one that is seen very rarely at the top level. This
paid off very handsomely as Kramnik inexplicably blundered as soon as move
seven. 7...dxc4?? simply left him down a pawn and his position did not have
even the slightest bit of compensation. It is strange to think even what he
missed, as most of the lines were rather obvious.} dxc4 $2 $146 {[%emt 0:14:33]
} (7... Bxf3 8. gxf3 Qb6 9. c5 Qxb3 10. axb3 a6 11. b4 Rc8 12. Bg3 g6 13. Na2
Nh5 14. Nc1 Nxg3 15. hxg3 e5 16. Nb3 Bg7 17. Kd2 h5 18. Bd3 f5 19. f4 exd4 20.
Nxd4 Kf7 21. f3 Rce8 22. Rhg1 Rxe3 23. Kxe3 Re8+ 24. Kd2 Bxd4 25. Rge1 Rxe1 26.
Rxe1 Bf2 27. Ra1 Bxg3 28. Ke3 h4 29. b5 axb5 30. b4 h3 31. Bf1 h2 32. Bg2 Ke7
33. Ra7 Be1 34. Rxb7 Bxb4 35. Kf2 Bxc5+ 36. Kg3 Bg1 37. Kh4 {Eljanov,P (2716)
-Najer,E (2663) Netanya 2009 0-1}) 8. Qxb7 {[%emt 0:09:04]} Bxf3 {[%emt 0:04:
05]} 9. gxf3 {[%emt 0:00:07]} Nd5 {[%emt 0:01:29]} 10. Bg3 {[%emt 0:03:52]}
N5b6 {[%emt 0:20:32]} 11. Qxc6 {[%emt 0:01:52]} Bb4 {[%emt 0:03:04]} 12. Qb5 {
[%emt 0:06:53]} Qe7 {[%emt 0:02:19]} 13. a3 {[%emt 0:01:21]} Bxc3+ {[%emt 0:00:
48]} 14. bxc3 {[%emt 0:00:02]} O-O {[%emt 0:00:34]} 15. Bxc4 {[%emt 0:14:17]}
Nxc4 {[%emt 0:03:13]} 16. Qxc4 {[%emt 0:00:07]} Rac8 {[%emt 0:01:37]} 17. Qd3 {
[%emt 0:11:17]} Nb6 {[%emt 0:00:45]} 18. O-O {[%emt 0:00:52]} Rc4 {[%emt 0:01:
33]} 19. Rfb1 {[%emt 0:05:34]} Rfc8 {[%emt 0:00:58]} 20. Rb3 {[%emt 0:00:11]}
h5 {[%emt 0:03:57]} 21. e4 {[%emt 0:03:57]} Qg5 {[%emt 0:00:50]} 22. h4 {
[%emt 0:03:08]} Qa5 {[%emt 0:07:38]} 23. Rc1 {[%emt 0:02:27]} Qa4 {[%emt 0:01:
02]} 24. Qb1 {[%emt 0:01:43]} Nd7 {[%emt 0:04:53]} 25. Kg2 {[%emt 0:01:14]} Nf8
{[%emt 0:01:27]} 26. Qb2 {[%emt 0:03:21]} Qe8 {[%emt 0:03:25]} 27. Rb7 {
[%emt 0:03:43]} a6 {[%emt 0:03:19]} 28. Qb6 {[%emt 0:02:25]} Ng6 {[%emt 0:02:
29]} 29. Qxa6 {[%emt 0:05:16]} Qd8 {[%emt 0:00:59]} 30. Qb5 {[%emt 0:01:55]} e5
{[%emt 0:01:13]} 31. Rh1 {[%emt 0:00:49]} Rxc3 {[%emt 0:01:38]} 32. dxe5 {
[%emt 0:00:09]} Nf8 {[%emt 0:00:18]} 33. Qd5 {[%emt 0:02:49]} Qe8 {[%emt 0:00:
05]} 34. Ra1 {[%emt 0:02:10]} Ne6 {[%emt 0:02:09]} 35. Qd7 {[%emt 0:00:41]} Qf8
{[%emt 0:00:24]} 36. Qe7 {[%emt 0:00:45]} Qxe7 {[%emt 0:00:18]} 37. Rxe7 {
[%emt 0:00:03] Karjakin made his win a lot harder than he should have,
eventually reaching a double rook endgame up two pawns that he had to figure
out how to win, but he managed in the end.} Nd4 {[%emt 0:00:17]} 38. a4 {
[%emt 0:01:40]} Nxf3 {[%emt 0:00:49]} 39. e6 {[%emt 0:03:03]} fxe6 {[%emt 0:00:
28]} 40. Rxe6 {[%emt 0:00:00]} Nd4 {[%emt 0:00:00]} 41. Re5 {[%emt 0:03:09]}
Ne2 {[%emt 0:05:27]} 42. Rxh5 {[%emt 0:00:41]} Nxg3 {[%emt 0:00:40]} 43. fxg3 {
[%emt 0:00:07]} Re3 {[%emt 0:00:09]} 44. a5 {[%emt 0:03:32]} Rxe4 {[%emt 0:02:
45]} 45. a6 {[%emt 0:00:30]} Re7 {[%emt 0:04:12]} 46. Rb5 {[%emt 0:00:47]} Kh7
{[%emt 0:00:45]} 47. Kh3 {[%emt 0:00:41]} Ra8 {[%emt 0:00:32]} 48. Rb6 {
[%emt 0:00:23]} Raa7 {[%emt 0:00:57]} 49. Ra5 {[%emt 0:00:27]} Re3 {[%emt 0:03:
19]} 50. h5 {[%emt 0:01:30]} Rd3 {[%emt 0:01:06]} 51. Kh4 {[%emt 0:00:09]} Rd4+
{[%emt 0:01:22]} 52. g4 {[%emt 0:00:12]} Re4 {[%emt 0:00:49]} 53. Kg5 {[%emt 0:
01:37]} Rf7 {[%emt 0:00:40]} 54. Rg6 {[%emt 0:02:00]} Ra7 {[%emt 0:04:21]} 55.
Kh4 {[%emt 0:02:17]} Rb4 {[%emt 0:01:36]} 56. Rc6 {[%emt 0:00:29]} Re4 {
[%emt 0:00:16]} 57. Rb6 {[%emt 0:00:36]} Re1 {[%emt 0:02:50]} 58. Ra4 {[%emt 0:
06:03]} Re3 {[%emt 0:04:40]} 59. g5 {[%emt 0:02:39]} Ree7 {[%emt 0:01:15]} 60.
Rb8 {[%emt 0:00:00]} g6 {[%emt 0:00:00]} 61. Rb6 {[%emt 0:02:58]} gxh5 {
[%emt 0:01:37]} 62. Rab4 {[%emt 0:00:06]} Re1 {[%emt 0:02:38]} 63. Rb7+ {
[%emt 0:00:27]} Kg6 {[%emt 0:00:10]} 64. R4b6+ {[%emt 0:00:22]} 1-0

[Event "Candidates Tournament"]
[Site "Khanty-Mansiysk"]
[Date "2014.03.25"]
[Round "10"]
[White "Anand, Viswanathan"]
[Black "Mamedyarov, Shakhriyar"]
[Result "1/2-1/2"]
[WhiteElo "2770"]
[BlackElo "2757"]
[Annotator "Szabo,Kr"]
[PlyCount "60"]
[EventDate "2014.03.13"]
[EventType "tourn"]
[EventRounds "14"]
[EventCountry "RUS"]
[EventCategory "21"]
[SourceTitle "CBM 160"]
[Source "ChessBase"]
[SourceDate "2014.05.15"]
[SourceVersion "1"]
[SourceVersionDate "2014.05.15"]
[SourceQuality "1"]

1. e4 c5 2. Nf3 d6 3. d4 cxd4 4. Nxd4 Nf6 5. Nc3 a6 6. h3 {Both players had a
game with this variation in this Candidates tournament.} e6 ({Two rounds
previously Mamedyarov played} 6... g6 7. g4 Bg7 8. Bg2 O-O 9. Be3 Nc6 10. Qd2
Bd7 11. O-O-O Rc8 12. f4 Na5 13. b3 Qc7 14. Nde2 b5 15. Nd5 Nxd5 16. exd5 Rfe8
17. Rhf1 e6 $13 {with a sharp position, Topalov-Mamedyarov, Khanty-Mansiysk (8)
2014.}) 7. g4 h6 {This move is transposing to the Keres Attack.} ({In the
previous round Topalov played} 7... Nfd7 {against Vishy,} 8. Bg2 Be7 9. Be3 Nc6
10. h4 $5 {A rare, but an ambitious move.} (10. Qe2 {is more popular.}) 10...
Nde5 11. g5 Bd7 12. Nxc6 Bxc6 13. b3 f5 14. f4 Ng4 15. Qe2 Nxe3 16. Qxe3 fxe4
17. O-O-O d5 18. Nxe4 Ba3+ 19. Kb1 Qe7 20. Nf2 Bc5 21. Qg3 Bxf2 22. Qxf2 $14 {
and White has a hopeful position, later he managed to win, Anand-Topalov,
Khanty-Mansiysk (9) 2014.}) 8. Bg2 Be7 (8... Qc7) (8... g5) ({or} 8... Nc6 {
are also very common lines.}) 9. Be3 Nc6 10. f4 (10. Qe2 {is also typical in
this type of lines,} Nxd4 11. Bxd4 e5 12. Be3 b5 13. O-O-O b4 14. Nd5 Nxd5 15.
exd5 O-O 16. Be4 Bg5 17. Rdg1 Bxe3+ 18. fxe3 Qh4 $13 {with an unclear position,
Shirov-Khismatullin, Loo 2014.}) 10... Nd7 (10... Qc7 {has also been tried} 11.
Qd2 Bd7 12. O-O-O Na5 13. b3 Rc8 14. Nce2 g6 15. Ng3 e5 $6 (15... Nc6 16. Kb1
$14) 16. Nde2 Bc6 17. Kb1 Nd7 18. Rhf1 $16 {Van Kampen-Timman, Wijk aan Zee
2013 and Black was in big trouble.}) 11. Qd2 Nxd4 12. Bxd4 e5 13. fxe5 (13. Bf2
{was more popular, but the text move is also an interesting alternative.})
13... Bh4+ 14. Bf2 Nxe5 15. O-O-O Bxf2 16. Qxf2 Be6 17. Qd4 Qg5+ (17... h5 {
was also played in a correspondence game,} 18. Kb1 Rc8 (18... Qe7 $5) 19. gxh5
Rc6 20. Nd5 Rxh5 $13 {with an unclear position. Black's e5 N is very strong,
Potrata-Emelyanov, ICCF 2012.}) 18. Kb1 O-O-O {They have finished their
development, Black has a really strong e5 N, on the other hand the d6 pawn is
a little bit weak, so the position is balanced.} 19. Bf1 {A logical decision.
The B wasn't already useful on g2, so White would like to activate it from f1.}
Nc6 20. Qf2 Qc5 {The black Q was a little bit out of play on the kingside, so
Mamedyarov brings it to the other side.} 21. Qg3 Qe5 22. Qf2 Qc5 23. Qg3 Kb8 {
Black didn't repeat, however White's chances are not worse.} 24. Be2 Ne5 25.
Nd5 Rc8 26. c3 f6 27. Rd4 Rhe8 28. Rhd1 Rcd8 29. Bd3 Nc6 30. Rc4 Qa7 {and draw.
} 1/2-1/2